| 000 | 00395pam a2200157a 44500 | ||
|---|---|---|---|
| 008 | 230405s2010 xxu||||| |||| 00| 0 eng d | ||
| 041 | _aENG | ||
| 100 | _aSCHULTZ M B | ||
| 245 | _aGROBS BASIC ELECTRONIC | ||
| 260 |
_aNEWDELHI _bTATAMCGRAWHILL _c2010 |
||
| 300 | _a1119p. | ||
| 440 | _aSOURCE=SANKAPAL BOOK SELLERS SANGLI | ||
| 650 | _aVOCATIONAL | ||
| 690 | _aVOCATIONAL | ||
| 906 | _a10357 | ||
| 999 |
_c790573 _d790573 |
||